[Event "Titled Tuesday intern op 03rd Jan Late"]
[Site "Chess.com INT"]
[Date "2025.06.03"]
[Round "2"]
[White "Hiwale, Ronak"]
[Black "Leon Acevedo, Juan Alejandro"]
[Result "1-0"]
[WhiteElo "2105"]
[BlackElo "2040"]
[PlyCount "49"]
[EventDate "2025.06.03"]
[EventType "swiss (blitz)"]
[EventRounds "11"]
[EventCountry "USA"]
[SourceTitle "CB24_2025"]
[SourceDate "2025.06.11"]
[SourceVersion "1"]
[SourceVersionDate "2025.06.11"]
[SourceQuality "1"]

1. Nf3 d5 2. g3 Nf6 3. Bg2 g6 4. 0-0 Bg7 5. d3 0-0 6. Nc3 c5 7. e4 Nc6 8. Re1 d4 9. Ne2 e5 10. Rf1 Nh5 11. Ne1 f5 12. exf5 gxf5 13. Nxd4 Nxd4 14. Qxh5 f4 15. Be4 Bf5 16. c3 Bxe4 17. dxe4 Ne6 18. Qg4 Qf6 19. Nf3 Rad8 20. Nh4 Kh8 21. Qf5 Qe7 22. Qh5 Rf6 23. Nf5 fxg3 24. hxg3 Rd3 25. Nxe7 1-0

[Event "Medellin Sub zt 2.3.2"]
[Site "Medellin"]
[Date "2025.04.14"]
[Round "2"]
[White "Leon Acevedo, Juan Alejandro"]
[Black "Bravo, Juan Eduardo"]
[Result "1-0"]
[WhiteElo "1910"]
[BlackElo "1710"]
[PlyCount "41"]
[EventDate "2025.04.14"]
[EventType "swiss"]
[EventRounds "9"]
[EventCountry "COL"]
[SourceTitle "CB18_2025"]
[SourceDate "2025.04.30"]
[SourceVersion "1"]
[SourceVersionDate "2025.04.30"]
[SourceQuality "1"]

1. d4 Nf6 2. c4 g6 3. Nc3 Bg7 4. e4 d6 5. f3 0-0 6. Be3 e5 7. d5 a5 8. Qd2 Na6 9. 0-0-0 Bd7 10. Nge2 Qe8 11. g4 Rb8 12. Ng3 Nc5 13. h4 Qc8 14. h5 c6 15. Bh6 b5 16. hxg6 fxg6 17. Bxg7 Kxg7 18. Qh6+ Kf7 19. g5 Ne8 20. Qxh7+ Ng7 21. Rh6 1-0

[Event "COL Intercollege op"]
[Site "Bogota"]
[Date "2024.11.23"]
[Round "5"]
[White "Leon Acevedo, Juan Alejandro"]
[Black "Duran Cardoso, Nicolas"]
[Result "1/2-1/2"]
[WhiteElo "1936"]
[BlackElo "1802"]
[PlyCount "81"]
[EventDate "2024.11.21"]
[EventType "swiss"]
[EventRounds "7"]
[EventCountry "COL"]
[SourceTitle "CB48_2024"]
[SourceDate "2024.11.28"]
[SourceVersion "1"]
[SourceVersionDate "2024.11.28"]
[SourceQuality "1"]

1. d4 Nf6 2. c4 c5 3. d5 b5 4. cxb5 a6 5. b6 g6 6. Nc3 Bg7 7. e4 0-0 8. Nf3 d6 9. Be2 Nbd7 10. Nd2 Nxb6 11. 0-0 Bb7 12. a4 a5 13. Qc2 e6 14. dxe6 fxe6 15. Nb5 Qe7 16. f3 Nh5 17. Nb3 c4 18. N3d4 d5 19. b3 Nf4 20. Ba3 Qg5 21. g3 Rfc8 22. Kh1 Nxe2 23. Qxe2 dxe4 24. fxe4 Qe5 25. Rae1 Rd8 26. Nf3 Qh5 27. Qe3 Nd7 28. bxc4 Nf6 29. Nd6 Rxd6 30. Bxd6 Nxe4 31. c5 Ng5 32. Kg2 Bd4 33. Qb3 Bd5 34. Qd3 Qh3+ 35. Kh1 Qg4 36. Kg2 Ra7 37. Bf4 Nxf3 38. Rxf3 e5 39. Bxe5 Qxf3+ 40. Qxf3 Bxf3+ 41. Kxf3 1/2-1/2

[Event "Medellin Castro Memorial op-A 31st"]
[Site "Medellin"]
[Date "2024.08.07"]
[Round "2"]
[White "Leon Acevedo, Juan Alejandro"]
[Black "Negron Lizarazo, Juan Sebastian"]
[Result "0-1"]
[WhiteElo "1970"]
[BlackElo "1760"]
[PlyCount "66"]
[EventDate "2024.08.07"]
[EventType "swiss"]
[EventRounds "10"]
[EventCountry "COL"]
[SourceTitle "CBM 221 Extra"]
[Source "ChessBase"]
[SourceDate "2024.09.30"]
[SourceVersion "1"]
[SourceVersionDate "2024.09.30"]
[SourceQuality "1"]

1. d4 Nf6 2. c4 g6 3. Nc3 d5 4. Nf3 Bg7 5. Qb3 dxc4 6. Qxc4 0-0 7. e4 Nc6 8. Be2 e5 9. d5 Nd4 10. Nxd4 exd4 11. Qxd4 c6 12. Qd1 Qe7 13. Bg5 h6 14. d6 Qe6 15. Bxf6 Bxf6 16. Qd2 Rd8 17. Rd1 Be5 18. 0-0 Kh7 19. Qe3 Rxd6 20. f4 Bg7 21. e5 Rxd1 22. Rxd1 Qe7 23. Ne4 Be6 24. Nd6 Bd5 25. Bd3 Rd8 26. Qxa7 Bxe5 27. fxe5 Qxe5 28. Nxb7 Qxb2 29. Bf1 Rd7 30. Qe3 Rxb7 31. a4 Qc2 32. Ra1 Rb2 33. Re1 Qxa4 0-1

[Event "American Continental 18th"]
[Site "Medellin"]
[Date "2024.05.30"]
[Round "9"]
[White "Murcia Molina, Manuel Hernando"]
[Black "Leon Acevedo, Juan Alejandro"]
[Result "1-0"]
[WhiteElo "1845"]
[BlackElo "1973"]
[PlyCount "39"]
[EventDate "2024.05.24"]
[EventType "swiss"]
[EventRounds "11"]
[EventCountry "COL"]
[SourceTitle "CBM 220 Extra"]
[Source "ChessBase"]
[SourceDate "2024.07.31"]
[SourceVersion "1"]
[SourceVersionDate "2024.07.31"]
[SourceQuality "1"]

1. Nf3 Nf6 2. c4 c6 3. Nc3 d5 4. d4 e6 5. Bg5 h6 6. Bh4 dxc4 7. a4 Bb4 8. Bxf6 Qxf6 9. e3 b5 10. Be2 Bb7 11. 0-0 a6 12. Ne4 Qg6 13. Nc5 Bxc5 14. dxc5 e5 15. Nxe5 Qe6 16. f4 0-0 17. Rf3 Nd7 18. Qxd7 Qxd7 19. Nxd7 Rfd8 20. Rd1 1-0

[Event "American Continental 18th"]
[Site "Medellin"]
[Date "2024.05.26"]
[Round "4"]
[White "Leon Acevedo, Juan Alejandro"]
[Black "Tracey, Shaun M"]
[Result "1-0"]
[WhiteElo "1973"]
[BlackElo "1758"]
[PlyCount "49"]
[EventDate "2024.05.24"]
[EventType "swiss"]
[EventRounds "11"]
[EventCountry "COL"]
[SourceTitle "CBM 220 Extra"]
[Source "ChessBase"]
[SourceDate "2024.07.31"]
[SourceVersion "1"]
[SourceVersionDate "2024.07.31"]
[SourceQuality "1"]

1. d4 e6 2. c4 f5 3. Nc3 Nf6 4. Nf3 Bb4 5. a3 Bxc3+ 6. bxc3 Ne4 7. Qc2 b6 8. e3 Bb7 9. Bd3 0-0 10. 0-0 Qe7 11. a4 a5 12. Nd2 Nxd2 13. Bxd2 d6 14. f3 Nd7 15. e4 Qf6 16. Rae1 Rae8 17. exf5 e5 18. Be3 Qh4 19. Bf2 Qh5 20. Bg3 Re7 21. Re2 Rfe8 22. Rfe1 Qg5 23. Kf2 Qf6 24. Qd2 Ba6 25. Re4 1-0

[Event "American Continental 18th"]
[Site "Medellin"]
[Date "2024.05.25"]
[Round "2"]
[White "Leon Acevedo, Juan Alejandro"]
[Black "Zapata, Olga Maria"]
[Result "1-0"]
[WhiteElo "1973"]
[BlackElo "1729"]
[PlyCount "50"]
[EventDate "2024.05.24"]
[EventType "swiss"]
[EventRounds "11"]
[EventCountry "COL"]
[SourceTitle "CBM 220 Extra"]
[Source "ChessBase"]
[SourceDate "2024.07.31"]
[SourceVersion "1"]
[SourceVersionDate "2024.07.31"]
[SourceQuality "1"]

1. d4 d5 2. c4 e6 3. Nc3 Nf6 4. Bg5 Be7 5. e3 0-0 6. Nf3 Nbd7 7. Rc1 b6 8. cxd5 Nxd5 9. Nxd5 exd5 10. Bxe7 Qxe7 11. Rxc7 Qb4+ 12. Qd2 Qxd2+ 13. Kxd2 Nf6 14. Bd3 Ne4+ 15. Ke2 Bg4 16. Rhc1 Rfc8 17. Ba6 Rxc7 18. Rxc7 Nd6 19. h3 Be6 20. Ne5 Ne8 21. Re7 Kf8 22. Nc6 Bc8 23. Bb7 Bxb7 24. Rxb7 Rc8 25. Nb4 a5 1-0

[Event "Medellin Flores op 30th"]
[Site "Medellin"]
[Date "2023.08.05"]
[Round "4"]
[White "Rodriguez, G."]
[Black "Leon Acevedo, Juan Alejandro"]
[Result "1/2-1/2"]
[WhiteElo "2016"]
[BlackElo "1879"]
[PlyCount "58"]
[EventDate "2023.08.03"]
[EventType "swiss"]
[EventRounds "9"]
[EventCountry "COL"]
[SourceTitle "CBM 215 Extra"]
[Source "ChessBase"]
[SourceDate "2023.09.30"]
[SourceVersion "1"]
[SourceVersionDate "2023.09.30"]
[SourceQuality "1"]

1. c4 c5 2. Nc3 Nf6 3. e4 e5 4. Nge2 Nc6 5. d3 h6 6. g3 d6 7. Bg2 Nd4 8. Nxd4 cxd4 9. Ne2 Bd7 10. 0-0 g6 11. Bd2 Bg7 12. h3 0-0 13. f4 b5 14. b3 Qb6 15. Qc1 Kh7 16. Qa3 a5 17. fxe5 dxe5 18. Qe7 Qe6 19. Qxe6 fxe6 20. Rfc1 bxc4 21. bxc4 Rfb8 22. Rcb1 a4 23. a3 Bc6 24. Nc1 Nd7 25. Bb4 Bf8 26. Bxf8 Rxf8 27. Na2 Nc5 28. Nb4 Bd7 29. h4 Rfb8 1/2-1/2

[Event "Sabaneta op-A 1st"]
[Site "Sabaneta"]
[Date "2022.12.01"]
[Round "10"]
[White "Larino Nieto, David"]
[Black "Leon Acevedo, Juan Alejandro"]
[Result "1-0"]
[WhiteElo "2466"]
[BlackElo "1829"]
[PlyCount "55"]
[EventDate "2022.11.25"]
[EventType "swiss"]
[EventRounds "10"]
[EventCountry "COL"]
[SourceTitle "CBM 211 Extra"]
[Source "ChessBase"]
[SourceDate "2023.01.31"]
[SourceVersion "1"]
[SourceVersionDate "2023.01.31"]
[SourceQuality "1"]

1. Nf3 d5 2. b3 c5 3. e3 Nf6 4. Bb2 g6 5. c4 Bg7 6. cxd5 0-0 7. Bxf6 Bxf6 8. Nc3 Qa5 9. Rc1 Bf5 10. h3 Rd8 11. g4 Bxc3 12. gxf5 Bb4 13. fxg6 hxg6 14. e4 Nd7 15. h4 Nf6 16. h5 Nxe4 17. hxg6 Rxd5 18. Bc4 Bxd2+ 19. Ke2 Qxa2 20. gxf7+ Kg7 21. Qg1+ Bg5+ 22. Kf1 Rf5 23. Rh5 Kf6 24. Re1 Qc2 25. Rxg5 Rxg5 26. Nxg5 Nxg5 27. Qh2 Qf5 28. Qh6+ 1-0

[Event "Sabaneta op-A 1st"]
[Site "Sabaneta"]
[Date "2022.11.29"]
[Round "7"]
[White "Leon Acevedo, Juan Alejandro"]
[Black "Ruiz Aguilar, Pablo Alexander"]
[Result "1/2-1/2"]
[WhiteElo "1829"]
[BlackElo "2188"]
[PlyCount "69"]
[EventDate "2022.11.25"]
[EventType "swiss"]
[EventRounds "10"]
[EventCountry "COL"]
[SourceTitle "CBM 211 Extra"]
[Source "ChessBase"]
[SourceDate "2023.01.31"]
[SourceVersion "1"]
[SourceVersionDate "2023.01.31"]
[SourceQuality "1"]

1. d4 d5 2. c4 c6 3. Nf3 Nf6 4. Nc3 e6 5. Bg5 Be7 6. e3 Nbd7 7. Bd3 0-0 8. 0-0 dxc4 9. Bxc4 Nd5 10. Bxe7 Qxe7 11. Rc1 Nxc3 12. Rxc3 e5 13. Nxe5 Nxe5 14. dxe5 Qxe5 15. Qb3 b6 16. Rd1 Bf5 17. h3 Rac8 18. Bd3 c5 19. Bxf5 Qxf5 20. Qa3 Rcd8 21. Rcd3 Rxd3 22. Qxd3 Qf6 23. Rd2 g6 24. Qa6 Qe7 25. Qa4 a5 26. Qc6 Rd8 27. Rxd8+ Qxd8 28. e4 Qd4 29. Qxb6 a4 30. Qb7 Kg7 31. a3 Qc4 32. Qe7 Qc1+ 33. Kh2 Qf4+ 34. Kg1 c4 35. e5 1/2-1/2

[Event "Medellin Raza Cup"]
[Site "Medellin"]
[Date "2022.10.23"]
[Round "10"]
[White "Valencia Quinchia, Isabella"]
[Black "Leon Acevedo, Juan Alejandro"]
[Result "1-0"]
[WhiteElo "1473"]
[BlackElo "1881"]
[PlyCount "47"]
[EventDate "2022.10.19"]
[EventType "swiss"]
[EventRounds "10"]
[EventCountry "COL"]
[SourceTitle "EXT 2024"]
[Source "ChessBase"]
[SourceDate "2023.10.10"]
[SourceVersion "1"]
[SourceVersionDate "2023.10.10"]
[SourceQuality "1"]

1. e4 c5 2. Nf3 Nc6 3. d4 cxd4 4. Nxd4 Nf6 5. Nc3 e6 6. f4 Bb4 7. e5 Ne4 8. Nxc6 bxc6 9. Qd4 Bxc3+ 10. bxc3 Qh4+ 11. Ke2 Ng3+ 12. hxg3 Qxh1 13. Ba3 f5 14. exf6 Qh5+ 15. Kf2 Kf7 16. fxg7 Re8 17. Be2 Qh6 18. Qe5 Kg8 19. Bh5 Rd8 20. Rh1 Qxg7 21. Qa5 Bb7 22. Rh4 Qf6 23. Rg4+ Kh8 24. Bd6 1-0

[Event "Medellin Raza Cup"]
[Site "Medellin"]
[Date "2022.10.21"]
[Round "5"]
[White "Panesso Rivera, Henry"]
[Black "Leon Acevedo, Juan Alejandro"]
[Result "1-0"]
[WhiteElo "2358"]
[BlackElo "1881"]
[PlyCount "99"]
[EventDate "2022.10.19"]
[EventType "swiss"]
[EventRounds "10"]
[EventCountry "COL"]
[SourceTitle "EXT 2024"]
[Source "ChessBase"]
[SourceDate "2023.10.10"]
[SourceVersion "1"]
[SourceVersionDate "2023.10.10"]
[SourceQuality "1"]

1. Nf3 d5 2. e3 c5 3. c4 d4 4. b4 dxe3 5. fxe3 cxb4 6. a3 e6 7. axb4 Nf6 8. Qb3 Be7 9. d4 0-0 10. Bd3 b6 11. 0-0 Bb7 12. Nc3 Nbd7 13. e4 e5 14. d5 a6 15. Kh1 Qc7 16. Be3 Rac8 17. Rfc1 Kh8 18. Ne2 Ng4 19. Bg1 f5 20. exf5 Ndf6 21. Ng3 Qd6 22. h3 e4 23. Nxe4 Nxe4 24. Bxe4 Nf6 25. Bh2 Qxb4 26. Qxb4 Bxb4 27. Bd3 Nd7 28. Nd4 Nc5 29. Bf1 Ne4 30. Be5 Rce8 31. Ne6 Rxf5 32. Bxg7+ Kg8 33. Rcb1 Bd2 34. Bd4 b5 35. Ra3 b4 36. Rf3 Rxf3 37. gxf3 Ng3+ 38. Kh2 Nf5 39. Bc5 a5 40. Bd3 Rxe6 41. dxe6 Bf4+ 42. Kg2 Nh4+ 43. Kf2 Nxf3 44. e7 Kf7 45. Bxh7 Ne5 46. Rg1 Bc6 47. Ke2 Bf3+ 48. Kf1 Bc6 49. Rg8 Nd3 50. Rf8+ 1-0

[Event "Medellin Raza Cup"]
[Site "Medellin"]
[Date "2022.10.19"]
[Round "2"]
[White "Pereira Vera, Henry Alberto"]
[Black "Leon Acevedo, Juan Alejandro"]
[Result "0-1"]
[WhiteElo "1792"]
[BlackElo "1881"]
[PlyCount "54"]
[EventDate "2022.10.19"]
[EventType "swiss"]
[EventRounds "10"]
[EventCountry "COL"]
[SourceTitle "EXT 2024"]
[Source "ChessBase"]
[SourceDate "2023.10.10"]
[SourceVersion "1"]
[SourceVersionDate "2023.10.10"]
[SourceQuality "1"]

1. b3 d5 2. Bb2 Nf6 3. Nf3 g6 4. e3 Bg7 5. c4 0-0 6. Be2 b6 7. 0-0 Bb7 8. d3 c5 9. Nbd2 Nc6 10. Ne5 Qc7 11. Nxc6 Bxc6 12. Qc2 e5 13. d4 exd4 14. exd4 Rfe8 15. Bf3 dxc4 16. Qxc4 Rad8 17. Bxc6 Qxc6 18. Nf3 Nd5 19. Rab1 Re4 20. Rfe1 Rde8 21. Ne5 R8xe5 22. dxe5 Rxc4 23. bxc4 Nf4 24. f3 h5 25. Rbd1 h4 26. Re4 Ne6 27. Rxh4 Qa4 0-1

[Event "Medellin Feria de las Flores op"]
[Site "Medellin"]
[Date "2022.08.04"]
[Round "3"]
[White "Hernandez Jimenez, Xavi"]
[Black "Leon Acevedo, Juan Alejandro"]
[Result "1-0"]
[WhiteElo "1366"]
[BlackElo "1799"]
[PlyCount "113"]
[EventDate "2022.08.03"]
[EventType "swiss"]
[EventRounds "9"]
[EventCountry "COL"]
[SourceTitle "CBM 209 Extra"]
[Source "ChessBase"]
[SourceDate "2022.09.30"]
[SourceVersion "1"]
[SourceVersionDate "2022.09.30"]
[SourceQuality "1"]

1. e4 c5 2. Nf3 Nc6 3. d4 cxd4 4. Nxd4 Nf6 5. Nc3 e5 6. Ndb5 d6 7. Nd5 Nxd5 8. exd5 Nb8 9. a4 Be7 10. Bd3 0-0 11. 0-0 f5 12. f4 a6 13. Na3 e4 14. Be2 Nd7 15. Be3 Bf6 16. Nc4 Qc7 17. a5 Rb8 18. Kh1 Nc5 19. Ra3 Bd7 20. Bd4 Bxd4 21. Qxd4 Bb5 22. Rc3 Na4 23. Rg3 g6 24. b3 Bxc4 25. Bxc4 Nc5 26. h4 Qg7 27. Qd2 Qf6 28. h5 Kf7 29. Be2 Rfe8 30. b4 e3 31. Rxe3 Ne4 32. Qe1 Qd4 33. Rh3 Qd2 34. hxg6+ hxg6 35. Rh7+ Kg8 36. Qh4 Ng3+ 37. Kh2 Nxf1+ 38. Bxf1 Qd4 39. Rd7 Qh8 40. Qxh8+ Kxh8 41. Rxd6 Kg7 42. c4 Red8 43. Rb6 Rd7 44. c5 Rc8 45. c6 bxc6 46. dxc6 Rdc7 47. Bxa6 Ra8 48. Bb7 Ra7 49. Rb5 Kf6 50. Rc5 Ke6 51. a6 Kd6 52. Rc1 Rh7+ 53. Kg3 Kc7 54. Rd1 Kb6 55. Rd7 Rxd7 56. cxd7 Kc7 57. b5 1-0

[Event "Medellin Feria de las Flores op"]
[Site "Medellin"]
[Date "2022.08.03"]
[Round "1"]
[White "Mateus, Alejandro"]
[Black "Leon Acevedo, Juan Alejandro"]
[Result "1-0"]
[WhiteElo "2326"]
[BlackElo "1799"]
[PlyCount "45"]
[EventDate "2022.08.03"]
[EventType "swiss"]
[EventRounds "9"]
[EventCountry "COL"]
[SourceTitle "CBM 209 Extra"]
[Source "ChessBase"]
[SourceDate "2022.09.30"]
[SourceVersion "1"]
[SourceVersionDate "2022.09.30"]
[SourceQuality "1"]

1. e4 c5 2. c3 d5 3. exd5 Qxd5 4. Nf3 Nf6 5. d4 cxd4 6. cxd4 e6 7. Nc3 Qd6 8. Bd3 Be7 9. 0-0 0-0 10. Bg5 Nc6 11. Rc1 a6 12. Qe2 Nb4 13. Bb1 Rd8 14. Rfd1 Nbd5 15. Ne5 Bd7 16. Qd3 g6 17. Qf3 Bc6 18. Ne4 Nxe4 19. Qxf7+ Kh8 20. Bxe7 Nxe7 21. Bxe4 Bxe4 22. Qf6+ Kg8 23. Nf7 1-0

[Event "COL-ch U18"]
[Site "Medellin"]
[Date "2022.06.05"]
[Round "8"]
[White "Toro Castaneda, Miguel Angel"]
[Black "Leon Acevedo, Juan Alejandro"]
[Result "1/2-1/2"]
[WhiteElo "2080"]
[BlackElo "1882"]
[PlyCount "35"]
[EventDate "2022.06.01"]
[EventType "swiss"]
[EventRounds "9"]
[EventCountry "COL"]
[SourceTitle "CBM 208 Extra"]
[Source "ChessBase"]
[SourceDate "2022.07.31"]
[SourceVersion "1"]
[SourceVersionDate "2022.07.31"]
[SourceQuality "1"]

1. e4 c5 2. Nf3 Nc6 3. d4 cxd4 4. Nxd4 e6 5. Nc3 Nf6 6. Nxc6 bxc6 7. Bd3 d5 8. 0-0 Be7 9. Bf4 0-0 10. Re1 Nd7 11. exd5 cxd5 12. Nb5 Bb7 13. Bc7 Qc8 14. Bd6 Bxd6 15. Nxd6 Qc6 16. Nxb7 Qxb7 17. c4 Nc5 18. cxd5 1/2-1/2

[Event "COL-ch U18"]
[Site "Medellin"]
[Date "2022.06.04"]
[Round "6"]
[White "Toro Ramirez, Samuel"]
[Black "Leon Acevedo, Juan Alejandro"]
[Result "0-1"]
[WhiteElo "1421"]
[BlackElo "1882"]
[PlyCount "48"]
[EventDate "2022.06.01"]
[EventType "swiss"]
[EventRounds "9"]
[EventCountry "COL"]
[SourceTitle "CBM 208 Extra"]
[Source "ChessBase"]
[SourceDate "2022.07.31"]
[SourceVersion "1"]
[SourceVersionDate "2022.07.31"]
[SourceQuality "1"]

1. e4 c5 2. Nc3 Nc6 3. f4 g6 4. Nf3 Bg7 5. Bc4 e6 6. d3 Nge7 7. 0-0 0-0 8. Qe1 Nd4 9. Nxd4 cxd4 10. Nd1 d5 11. Bb3 dxe4 12. dxe4 b6 13. Nf2 Bb7 14. Nd3 Qc7 15. Rf3 Qc6 16. Qh4 Rfe8 17. Nf2 a5 18. a4 Rad8 19. Bd2 f5 20. Re1 fxe4 21. Nxe4 Nf5 22. Qh3 h6 23. g4 Ne3 24. g5 Qxe4 0-1

[Event "Medellin Easter op 10th"]
[Site "Medellin"]
[Date "2022.04.16"]
[Round "7"]
[White "Diaz Larrea, Juan Manuel"]
[Black "Leon Acevedo, Juan Alejandro"]
[Result "1/2-1/2"]
[WhiteElo "1672"]
[BlackElo "1967"]
[PlyCount "77"]
[EventDate "2022.04.13"]
[EventType "swiss"]
[EventRounds "8"]
[EventCountry "COL"]
[SourceTitle "CBM 207 Extra"]
[Source "ChessBase"]
[SourceDate "2022.05.31"]
[SourceVersion "1"]
[SourceVersionDate "2022.05.31"]
[SourceQuality "1"]

1. e4 c5 2. Nf3 Nc6 3. d4 cxd4 4. Nxd4 Nf6 5. Nc3 e5 6. Ndb5 d6 7. Bg5 a6 8. Na3 b5 9. Nd5 Be7 10. Bxf6 Bxf6 11. c4 b4 12. Nc2 a5 13. g3 h5 14. h4 g6 15. Bg2 Bg7 16. 0-0 0-0 17. Qd2 Kh7 18. Rad1 Be6 19. b3 Rb8 20. Nde3 Qb6 21. Qe2 Rfd8 22. Rd3 Rb7 23. Rfd1 Nb8 24. Nd5 Qc5 25. Qe3 Nd7 26. Qd2 Nb6 27. Nxb6 Rxb6 28. Ne3 Bh6 29. Qe2 Bxe3 30. Qxe3 Qxe3 31. Rxe3 Rc6 32. Red3 Kg7 33. f4 f6 34. f5 Bf7 35. Bf3 g5 36. Kf2 g4 37. Be2 Kf8 38. Ke3 Ke7 39. a3 1/2-1/2